00879nam a2200145Ia 4500008004100000020001800041100007000059245014500129260002700274650026000301650002200561856004100583999001900624952009000643171212s9999 xx 000 0 und d a9780833035202 aHollywood, John;Snyder, Diane;McKay, Kenneth N.;Boon, John E. Jr. cHollywood, John;Snyder, Diane;McKay, Kenneth N.;Boon, John E. Jr.aOut of the OrdinarybFinding Hidden Threats by Analyzing Unusual Behavior bRAND Corporationc2004 aCriminal behavior, Prediction of -- United States; Crime forecasting -- United States; Criminal methods -- United States; Terrorism -- Forecasting; Terrorism -- Psychological aspects; Intelligence service -- United States; National security -- United Stat aPolitical Science uwww.jstor.org/stable/10.7249/mg126rc c352386d352386 001040aCLbCLd2017-12-12l0oHV6080.O97 2004r2017-12-12 00:00:00w2017-12-12yCBE